000
00496nam a2200145Ia 4500
008
100204s9999 xx 000 0 und d
082
_b
8365
100
_a
जगदीश सी.
245
_a
सौभाग्यकांक्षिणी
260
_b
"सुरस प्रकाशन , सोलापूर"
_c
1986
300
_a
91
630
_a
सौभाग्यकांक्षिणी
730
_a
सौभाग्यकांक्षिणी
942
_c
BOOK
999
_c
452801
_d
452798